[Event "Istanbul Galatasaray blitz"]
[Site "Istanbul"]
[Date "2019.03.24"]
[Round "15"]
[White "Ozer, Omer Faruk"]
[Black "Gulbas, Cemil"]
[Result "0-1"]
[WhiteElo "2369"]
[BlackElo "2404"]
[PlyCount "86"]
[EventDate "2019.03.24"]
[EventType "tourn (blitz)"]
[EventRounds "18"]
[EventCountry "TUR"]
[EventCategory "7"]
[SourceTitle "CBM 189 Extra"]
[Source "ChessBase"]
[SourceDate "2019.05.31"]
[SourceVersion "1"]
[SourceVersionDate "2019.05.31"]
[SourceQuality "1"]

1. e4 d6 2. d4 Nf6 3. Nc3 g6 4. Bg5 h6 5. Bxf6 exf6 6. Bd3 Bg7 7. Nge2 c6 8. 0-0 0-0 9. f4 Re8 10. f5 Nd7 11. Kh1 Nf8 12. Nf4 Qb6 13. fxg6 fxg6 14. Bc4+ Kh7 15. Bb3 f5 16. exf5 Bxf5 17. Nce2 d5 18. c3 Re3 19. Ng3 Bd7 20. Nd3 Rae8 21. Bc2 Bc8 22. Rf7 Be6 23. Rf3 Bg4 24. Qf1 Bxf3 25. gxf3 Qd8 26. f4 Qh4 27. Kg2 Ne6 28. f5 Ng5 29. fxg6+ Kg8 30. Nf2 Rf8 31. Re1 Ref3 32. Re2 c5 33. dxc5 d4 34. Bb3+ Kh8 35. Qe1 dxc3 36. bxc3 Bxc3 37. Qc1 Bg7 38. Bd5 Rxf2+ 39. Rxf2 Rxf2+ 40. Kxf2 Qxh2+ 41. Kf1 Qxg3 42. Qc4 Qh3+ 43. Ke1 Qc3+ 0-1

[Event "Istanbul Galatasaray blitz"]
[Site "Istanbul"]
[Date "2019.03.24"]
[Round "9"]
[White "Ozturk Orenli, Kubra"]
[Black "Gulbas, Cemil"]
[Result "0-1"]
[WhiteElo "2344"]
[BlackElo "2404"]
[PlyCount "106"]
[EventDate "2019.03.24"]
[EventType "tourn (blitz)"]
[EventRounds "18"]
[EventCountry "TUR"]
[EventCategory "7"]
[SourceTitle "CBM 189 Extra"]
[Source "ChessBase"]
[SourceDate "2019.05.31"]
[SourceVersion "1"]
[SourceVersionDate "2019.05.31"]
[SourceQuality "1"]

1. d4 d5 2. c4 c6 3. cxd5 cxd5 4. Bg5 Nc6 5. Nc3 f6 6. Bd2 e5 7. e3 Bb4 8. a3 Bxc3 9. Bxc3 Nge7 10. Qh5+ g6 11. Qf3 exd4 12. exd4 0-0 13. h4 h5 14. Bd3 Bg4 15. Qf4 Bf5 16. 0-0-0 Rc8 17. Bxf5 Nxf5 18. g4 Qd6 19. Ne2 Qxf4+ 20. Nxf4 hxg4 21. Nxd5 Kf7 22. h5 g5 23. h6 Kg6 24. h7 Rh8 25. Rde1 Rcd8 26. Ne3 Nxe3 27. fxe3 Rxh7 28. Rhg1 Rh4 29. Re2 f5 30. b4 Ne7 31. e4 f4 32. d5 g3 33. Bd4 f3 34. Rc2 Rxe4 35. Bxa7 f2 36. Bxf2 gxf2 37. Rxf2 Rxd5 38. Rc2 b5 39. Rcg2 Re3 40. Kb2 Ree5 41. Kc2 Nc6 42. Rf2 Nd4+ 43. Kb1 Ne2 44. Rgf1 Nc3+ 45. Kc2 Ne4 46. Rf8 Rd7 47. Re1 Re6 48. Kb2 Nc5 49. Rh1 Na4+ 50. Kb1 Red6 51. Rg8+ Rg7 52. Rb8 g4 53. Rxb5 Nc3+ 0-1

[Event "BL2-West 1819"]
[Site "Germany"]
[Date "2019.02.03"]
[Round "6.6"]
[White "Gulbas, Cemil"]
[Black "Begnis, Nikolaos"]
[Result "1-0"]
[WhiteElo "2399"]
[BlackElo "2273"]
[PlyCount "73"]
[EventDate "2018.11.21"]
[EventType "team-tourn"]
[EventRounds "9"]
[EventCountry "GER"]
[SourceTitle "CBM 190 Extra"]
[Source "ChessBase"]
[SourceDate "2019.07.15"]
[SourceVersion "1"]
[SourceVersionDate "2019.07.15"]
[SourceQuality "1"]
[WhiteTeam "Aachen DJK II"]
[BlackTeam "Aachen SV"]
[WhiteTeamCountry "GER"]
[BlackTeamCountry "GER"]

1. e4 c5 2. Nf3 d6 3. d4 cxd4 4. Nxd4 Nf6 5. Nc3 Nc6 6. Bg5 e6 7. Qd2 Be7 8. 0-0-0 0-0 9. f3 a6 10. g4 Qc7 11. Be3 Nxd4 12. Bxd4 b5 13. g5 Nd7 14. h4 Nc5 15. Kb1 b4 16. Ne2 e5 17. Be3 Rb8 18. h5 Na4 19. b3 Nc3+ 20. Nxc3 bxc3 21. Qg2 Be6 22. g6 fxg6 23. hxg6 hxg6 24. Qxg6 Rf6 25. Qh7+ Kf7 26. Bh3 Rg8 27. Rdg1 Kf8 28. Bg5 Bf7 29. Bxf6 Bxf6 30. Rd1 a5 31. Rd3 a4 32. Rhd1 axb3 33. axb3 Bxb3 34. cxb3 c2+ 35. Kb2 cxd1Q 36. Rxd1 Qb6 37. Be6 1-0

[Event "TUR-ch"]
[Site "Kemer"]
[Date "2018.11.04"]
[Round "9"]
[White "Gulbas, Cemil"]
[Black "Ozen, Deniz"]
[Result "0-1"]
[WhiteElo "2393"]
[BlackElo "2411"]
[PlyCount "146"]
[EventDate "2018.10.27"]
[EventType "tourn"]
[EventRounds "11"]
[EventCountry "TUR"]
[EventCategory "4"]
[SourceTitle "CBM 187 Extra"]
[Source "ChessBase"]
[SourceDate "2018.11.04"]
[SourceVersion "1"]
[SourceVersionDate "2018.11.04"]
[SourceQuality "1"]

1. d4 Nf6 2. c4 c6 3. Nf3 d5 4. Qc2 dxc4 5. Qxc4 Bf5 6. g3 e6 7. Bg2 Nbd7 8. 0-0 Be7 9. Nc3 h6 10. Re1 0-0 11. e4 Bh7 12. Qe2 Bb4 13. Nd2 e5 14. a3 exd4 15. axb4 dxc3 16. bxc3 Re8 17. f3 Ne5 18. Nc4 Nxc4 19. Qxc4 Nd7 20. Be3 Ne5 21. Qe2 a6 22. Rad1 Qc7 23. Qf2 b5 24. Bb6 Qb7 25. Bf1 Nxf3+ 26. Qxf3 Qxb6+ 27. Kg2 Qc7 28. Rd4 Qe5 29. Kg1 Rad8 30. Qf2 Rxd4 31. cxd4 Qd6 32. e5 Qxb4 33. Bg2 Qc4 34. Qe3 Rd8 35. Rc1 Qxd4 36. Qxd4 Rxd4 37. Rxc6 Be4 38. Rxa6 Rd1+ 39. Kf2 Bxg2 40. Kxg2 Re1 41. Ra8+ Kh7 42. Re8 Re2+ 43. Kg1 h5 44. h3 g5 45. Kf1 Re4 46. Kf2 g4 47. h4 Kg7 48. Kf1 Re3 49. Kf2 Rf3+ 50. Kg2 b4 51. Rb8 b3 52. Rb6 Kf8 53. e6 fxe6 54. Rxe6 Rc3 55. Kf2 b2 56. Rb6 Rc2+ 57. Ke3 Ke7 58. Kf4 Kd7 59. Kg5 Kc7 60. Rb3 Kc6 61. Kg6 Rd2 62. Kxh5 Rd5+ 63. Kxg4 Rb5 64. Rxb2 Rxb2 65. Kf5 Rh2 66. Kg6 Rg2 67. h5 Rxg3+ 68. Kf7 Rh3 69. Kg6 Kd7 70. h6 Ke7 71. Kg7 Rg3+ 72. Kh8 Kf7 73. h7 Kg6 0-1

[Event "TUR-ch"]
[Site "Kemer"]
[Date "2018.10.31"]
[Round "5"]
[White "Sevgi, Volkan"]
[Black "Gulbas, Cemil"]
[Result "1/2-1/2"]
[WhiteElo "2296"]
[BlackElo "2393"]
[PlyCount "66"]
[EventDate "2018.10.27"]
[EventType "tourn"]
[EventRounds "11"]
[EventCountry "TUR"]
[EventCategory "4"]
[SourceTitle "CBM 187 Extra"]
[Source "ChessBase"]
[SourceDate "2018.11.04"]
[SourceVersion "1"]
[SourceVersionDate "2018.11.04"]
[SourceQuality "1"]

1. e4 c5 2. Nc3 Nc6 3. g3 g6 4. Bg2 Bg7 5. d3 d6 6. Be3 Nd4 7. Qd2 e5 8. Nd1 Ne7 9. c3 Ne6 10. Bh6 Bxh6 11. Qxh6 f5 12. exf5 Nxf5 13. Qd2 Qb6 14. Ne3 Nxe3 15. fxe3 Bd7 16. Nh3 0-0-0 17. 0-0 Rdf8 18. c4 Bc6 19. Bd5 Bxd5 20. cxd5 Nc7 21. Qg2 Qb5 22. Rfd1 Qd7 23. a4 Kb8 24. b3 h6 25. Rf1 Na6 26. Rxf8+ Rxf8 27. Rf1 Rf7 28. Rxf7 Qxf7 29. e4 Nb4 30. Qe2 Qf6 31. Kg2 Kc7 32. Qd2 g5 33. Nf2 h5 1/2-1/2

[Event "TUR-ch"]
[Site "Kemer"]
[Date "2018.10.28"]
[Round "2"]
[White "Gulbas, Cemil"]
[Black "Apaydin, Fethi"]
[Result "1-0"]
[WhiteElo "2393"]
[BlackElo "2353"]
[PlyCount "57"]
[EventDate "2018.10.27"]
[EventType "tourn"]
[EventRounds "11"]
[EventCountry "TUR"]
[EventCategory "4"]
[SourceTitle "CBM 187 Extra"]
[Source "ChessBase"]
[SourceDate "2018.11.04"]
[SourceVersion "1"]
[SourceVersionDate "2018.11.04"]
[SourceQuality "1"]

1. e4 c5 2. Nf3 e6 3. d4 cxd4 4. Nxd4 a6 5. Nc3 Qc7 6. Bd3 Nc6 7. Nxc6 bxc6 8. 0-0 Nf6 9. Qe2 e5 10. f4 Bd6 11. f5 Be7 12. Kh1 h6 13. Bd2 Bb7 14. Rae1 0-0 15. Qf3 Kh8 16. Nd1 Nh7 17. Qh5 Qd6 18. Ne3 Bg5 19. Nc4 Qf6 20. Bb4 Rfb8 21. Bd6 Re8 22. g3 Bd2 23. Rd1 Be3 24. Ba3 Bd4 25. Nd6 Reb8 26. c3 Ba7 27. Bc4 Ng5 28. h4 Nh3 29. Kg2 1-0

[Event "TUR-chT 1st League"]
[Site "Konya"]
[Date "2018.07.22"]
[Round "9.2"]
[White "Gulbas, Cemil"]
[Black "Yuksel, Atilla Koksal"]
[Result "1-0"]
[WhiteElo "2383"]
[BlackElo "2227"]
[PlyCount "65"]
[EventDate "2018.07.16"]
[EventType "team-swiss"]
[EventRounds "9"]
[EventCountry "TUR"]
[SourceTitle "EXT 2019"]
[Source "ChessBase"]
[SourceDate "2018.10.10"]
[SourceVersion "1"]
[SourceVersionDate "2018.10.10"]
[SourceQuality "1"]
[WhiteTeam "Ordu Buyuksehir Belediye"]
[BlackTeam "Ankara Dernegi"]
[WhiteTeamCountry "TUR"]
[BlackTeamCountry "TUR"]

1. e4 c5 2. Nf3 Nc6 3. d4 cxd4 4. Nxd4 Nf6 5. Nc3 d6 6. Bg5 e6 7. Qd2 Be7 8. 0-0-0 0-0 9. f3 a6 10. g4 Qc7 11. Be3 b5 12. Nxc6 Qxc6 13. Ne2 Bb7 14. h4 Nd7 15. g5 Rfd8 16. Nd4 Qc7 17. g6 hxg6 18. h5 Nf8 19. hxg6 fxg6 20. Bh3 Bc8 21. f4 Bf6 22. Kb1 Rb8 23. Qh2 e5 24. Ne2 b4 25. Bxc8 Rbxc8 26. Nc1 Qc4 27. Qg2 exf4 28. Bxf4 d5 29. e5 Qxf4 30. exf6 gxf6 31. Nd3 Qd4 32. Qh2 Re8 33. Nf4 1-0

[Event "TUR-chT 1st League"]
[Site "Konya"]
[Date "2018.07.19"]
[Round "5.2"]
[White "Gulbas, Cemil"]
[Black "Erden, Kadir"]
[Result "1-0"]
[WhiteElo "2383"]
[BlackElo "2244"]
[PlyCount "107"]
[EventDate "2018.07.16"]
[EventType "team-swiss"]
[EventRounds "9"]
[EventCountry "TUR"]
[SourceTitle "EXT 2019"]
[Source "ChessBase"]
[SourceDate "2018.10.10"]
[SourceVersion "1"]
[SourceVersionDate "2018.10.10"]
[SourceQuality "1"]
[WhiteTeam "Ordu Buyuksehir Belediye"]
[BlackTeam "Manisa Turkuaz"]
[WhiteTeamCountry "TUR"]
[BlackTeamCountry "TUR"]

1. e4 c6 2. Nc3 d5 3. d4 dxe4 4. Nxe4 Bf5 5. Ng3 Bg6 6. h4 h6 7. Nf3 Nd7 8. h5 Bh7 9. Bd3 Bxd3 10. Qxd3 e6 11. Bd2 Ngf6 12. 0-0-0 Be7 13. Ne4 0-0 14. Nxf6+ Nxf6 15. g4 Nxg4 16. Rhg1 f5 17. Qe2 Qd5 18. c4 Qe4 19. Qxe4 fxe4 20. Rxg4 exf3 21. Bxh6 Rf7 22. Rdg1 Bf6 23. Bxg7 Rxg7 24. Rxg7+ Bxg7 25. h6 Rd8 26. Rxg7+ Kh8 27. Rg4 Kh7 28. Kd2 Kxh6 29. Ke3 b5 30. c5 Re8 31. Ke4 Rd8 32. Kxf3 Kh5 33. b4 Rd5 34. Re4 Kg5 35. Ke3 Kf6 36. Rf4+ Kg7 37. Ke4 Rh5 38. Rf3 a6 39. Ra3 Kf6 40. Rxa6 Rh4+ 41. f4 Rh1 42. Rxc6 Re1+ 43. Kd3 Rd1+ 44. Ke3 Re1+ 45. Kd2 Re4 46. Kd3 Rxf4 47. Rb6 Rf1 48. Rxb5 Rd1+ 49. Kc3 Rc1+ 50. Kd2 Ra1 51. Ra5 Rb1 52. a3 Rb2+ 53. Kc3 Rb1 54. Kc2 1-0

[Event "BL2-West 1718"]
[Site "Germany"]
[Date "2018.01.21"]
[Round "5.7"]
[White "Gulbas, Cemil"]
[Black "Begnis, Nikolaos"]
[Result "1-0"]
[WhiteElo "2369"]
[BlackElo "2278"]
[PlyCount "147"]
[EventDate "2017.10.08"]
[EventType "team-tourn"]
[EventRounds "9"]
[EventCountry "GER"]
[SourceTitle "CBM 183 Extra"]
[Source "ChessBase"]
[SourceDate "2018.04.19"]
[SourceVersion "1"]
[SourceVersionDate "2018.04.19"]
[SourceQuality "1"]
[WhiteTeam "Aachen DJK"]
[BlackTeam "Aachen SV"]
[WhiteTeamCountry "GER"]
[BlackTeamCountry "GER"]

1. Nf3 Nf6 2. g3 g6 3. Bg2 Bg7 4. 0-0 0-0 5. d3 d6 6. c4 e5 7. Nc3 Re8 8. Ne1 c6 9. Nc2 h6 10. e4 Na6 11. f4 Bg4 12. Bf3 Bh3 13. Rf2 Nc5 14. Ne3 exf4 15. gxf4 Ne6 16. Bg2 Bxg2 17. Nxg2 Nd4 18. Be3 Nd7 19. Qg4 Nf6 20. Qh3 Qd7 21. f5 Nh5 22. Raf1 Rad8 23. Qh4 Bf6 24. Qg4 Kg7 25. h3 Be5 26. fxg6 fxg6 27. Nh4 Qxg4+ 28. hxg4 Nf6 29. Rxf6 Bxf6 30. Rxf6 Kxf6 31. g5+ hxg5 32. Bxd4+ Ke6 33. Nf3 g4 34. Nh2 Rf8 35. Nxg4 Rf3 36. Ne2 Rdf8 37. Bg7 R8f7 38. Nd4+ Ke7 39. Nxf3 Rxf3 40. Nf2 Ke6 41. Kg2 Rf7 42. Bd4 a6 43. Nh3 Kd7 44. Ng5 Rf4 45. Be3 Rf8 46. c5 Re8 47. cxd6 Kxd6 48. d4 Rf8 49. Bd2 Kd7 50. Bb4 Rf4 51. Kg3 Rf1 52. e5 Rg1+ 53. Kf4 Rf1+ 54. Ke3 b6 55. e6+ Kc7 56. Ne4 a5 57. Bd6+ Kd8 58. a4 Re1+ 59. Kf4 Rf1+ 60. Ke3 Re1+ 61. Kd3 Rf1 62. Ba3 Rf3+ 63. Ke2 Rf4 64. Ke3 Rf1 65. Ng5 Ke8 66. Nf3 Rc1 67. Kd2 Rf1 68. Ke2 Rb1 69. Nd2 Rh1 70. Ne4 c5 71. dxc5 Ke7 72. cxb6+ Kxe6 73. b7 Rh8 74. Nc5+ 1-0

[Event "Mittelrhein Regionalliga 1718"]
[Site "Nordrheinwestfalen"]
[Date "2018.01.14"]
[Round "5.2"]
[White "Gulbas, Cemil"]
[Black "Schipp, Cyrill"]
[Result "1-0"]
[WhiteElo "2359"]
[BlackElo "2067"]
[PlyCount "81"]
[EventDate "2017.09.10"]
[EventType "team-tourn"]
[EventRounds "9"]
[EventCountry "GER"]
[SourceTitle "EXT 2022"]
[Source "ChessBase"]
[SourceDate "2021.10.06"]
[SourceVersion "1"]
[SourceVersionDate "2021.10.06"]
[SourceQuality "1"]
[WhiteTeam "Aachen DJK Aufwärts III"]
[BlackTeam "Langenfeld"]
[WhiteTeamCountry "GER"]
[BlackTeamCountry "GER"]

1. e4 c5 2. Nf3 e6 3. d4 cxd4 4. Nxd4 a6 5. Nc3 Qc7 6. Bd3 Nf6 7. 0-0 Nc6 8. Nxc6 dxc6 9. Qe2 e5 10. a4 a5 11. Bg5 Be7 12. Nd1 0-0 13. Ne3 Re8 14. Rfd1 Be6 15. Bxf6 Bxf6 16. Bc4 Bd7 17. Bb3 Rad8 18. Qc4 Bc8 19. Nd5 Qd6 20. Nxf6+ Qxf6 21. Qc5 h5 22. Qxa5 Rd4 23. Qe1 Qf4 24. Rxd4 exd4 25. f3 h4 26. Rd1 c5 27. c3 h3 28. Qd2 Qf6 29. cxd4 hxg2 30. Kxg2 cxd4 31. Qxd4 Qg5+ 32. Kh1 Qf4 33. Qc3 Be6 34. Rg1 g6 35. Bxe6 Rxe6 36. Rd1 Re5 37. Rd3 Re8 38. Rd5 Qh4 39. Kg2 f5 40. Rd7 Qg5+ 41. Kh1 1-0

[Event "TUR-chT 1st League"]
[Site "Konya"]
[Date "2017.07.23"]
[Round "9.1"]
[White "Gulbas, Cemil"]
[Black "Li, Di"]
[Result "1/2-1/2"]
[WhiteElo "2366"]
[BlackElo "2469"]
[PlyCount "70"]
[EventDate "2017.07.17"]
[EventType "team-swiss"]
[EventRounds "9"]
[EventCountry "TUR"]
[SourceTitle "CBM 179 Extra"]
[Source "ChessBase"]
[SourceDate "2017.08.23"]
[SourceVersion "1"]
[SourceVersionDate "2017.08.23"]
[SourceQuality "1"]
[WhiteTeam "Izmir Rota Koleji"]
[BlackTeam "Karaman Saglik"]
[WhiteTeamCountry "TUR"]
[BlackTeamCountry "TUR"]

1. e4 e5 2. Nf3 Nc6 3. Bc4 Bc5 4. d3 Nf6 5. 0-0 0-0 6. Nc3 d6 7. Bg5 h6 8. Bh4 Bg4 9. h3 Bxf3 10. Qxf3 Nd4 11. Qd1 c6 12. Ne2 Nxe2+ 13. Qxe2 a5 14. a4 g5 15. Bg3 Nh7 16. c3 Qf6 17. Kh1 Rfe8 18. Rad1 Rad8 19. Qh5 d5 20. Bb3 d4 21. f4 exf4 22. Bxf4 gxf4 23. Qxc5 Ng5 24. h4 Re5 25. hxg5 hxg5 26. Qc4 Kg7 27. Kg1 b5 28. axb5 cxb5 29. Qc7 Rh8 30. cxd4 Re7 31. e5 Qh6 32. Qxe7 Qh2+ 33. Kf2 Qg3+ 34. Kg1 Qh2+ 35. Kf2 Qg3+ 1/2-1/2